LEADER 01143nam0 2200301 i 450 001 SUN0013385 005 20070710120000.0 010 $a88-348-8128-1 020 $aIT$b99 442 100 $a20030403d1998 |0itac50 ba 101 $aita 102 $aIT 105 $a|||| ||||| 200 1 $aSulle origini del concetto di damnum$fGiuseppe Valditara 205 $a2. ed 210 $aTorino$cGiappichelli$d[1998] 215 $a81 p.$d24 cm. - Tit. dell'ed. precedente: Alle origini del concetto di damnum. 606 $aDamnum iniuria datum$2FI$3SUNC001306 620 $dTorino$3SUNL000001 676 $a346.3703$v21 700 1$aValditara$b, Giuseppe$3SUNV001861$0232140 712 $aGiappichelli$3SUNV000045$4650 801 $aIT$bSOL$c20181109$gRICA 912 $aSUN0013385 950 $aUFFICIO DI BIBLIOTECA DEL DIPARTIMENTO DI GIURISPRUDENZA$d00 CONS XVIII.Ehc.2 $e00 17078 995 $aUFFICIO DI BIBLIOTECA DEL DIPARTIMENTO DI GIURISPRUDENZA$h17078$kCONS XVIII.Ehc.2$op$qa 996 $aSulle origini del concetto di damnum$9716046 997 $aUNICAMPANIA LEADER 01726oam 2200529zu 450 001 9910164318203321 005 20210807002209.0 010 $a0-8031-5272-8 035 $a(CKB)3170000000044159 035 $a(SSID)ssj0001184190 035 $a(PQKBManifestationID)11703724 035 $a(PQKBTitleCode)TC0001184190 035 $a(PQKBWorkID)11189987 035 $a(PQKB)11323801 035 $a(EXLCZ)993170000000044159 100 $a20160829d1994 uy 101 0 $aeng 181 $ctxt 182 $cc 183 $acr 200 00$aDynamic geotechnical testing II 210 31$a[Place of publication not identified]$cASTM$d1994 225 0 $aSTP Dynamic geotechnical testing II 300 $aBibliographic Level Mode of Issuance: Monograph 311 $a0-8031-1877-5 606 $aSoils$xCongresses$xTesting 606 $aRocks$xCongresses$xTesting 606 $aDynamic testing$xCongresses 606 $aCivil & Environmental Engineering$2HILCC 606 $aEngineering & Applied Sciences$2HILCC 606 $aCivil Engineering$2HILCC 615 0$aSoils$xCongresses$xTesting 615 0$aRocks$xCongresses$xTesting 615 0$aDynamic testing$xCongresses 615 7$aCivil & Environmental Engineering 615 7$aEngineering & Applied Sciences 615 7$aCivil Engineering 676 $a624.1/51 702 $aKutter$b Bruce L 702 $aEbelhar$b Ronald J 702 $aDrnevich$b Vincent P 712 02$aASTM Committee D-18 on Soil and Rock.$bSubcommittee D18.09 on Cyclic and Dynamic Properties of Soils. 801 0$bPQKB 906 $aBOOK 912 $a9910164318203321 996 $aDynamic geotechnical testing II$91986990 997 $aUNINA